000
00282nam a22001337a 4500
003
SGT
082
_a
616.995
_b
B17H
100
_a
HAZARIKA, BASANTA
245
_a
BEDSIDE RESPIRATORY MEDICINE
250
_a
2ND
260
_a
INDIA
_b
PARS
_c
2017
300
_a
309
942
_2
ddc
_c
BK
999
_c
14802
_d
14802